[Event "WA Open"]
[Site "?"]
[Date "2007.05.26"]
[Round "2"]
[White "Wilson, Matthew"]
[Black "Roua, Radu"]
[Result "0-1"]
[WhiteElo "1836"]
[BlackElo "2174"]
[PlyCount "167"]
[EventDate "2007.05.??"]
[SourceDate "2007.05.26"]

1. e4 Nc6 2. Nf3 d6 3. d4 g6 4. Nc3 Bg7 5. Be2 Nf6 6. O-O O-O 7. h3 a6 8. a4 e5
9. d5 Ne7 10. Be3 h6 11. a5 g5 12. g4 Ng6 13. b4 Nf4 14. Bxf4 exf4 15. Qd2 Re8
16. Bd3 Nd7 17. Ra3 h5 18. Nh2 Ne5 19. f3 Qf6 20. Ne2 Qh6 21. c3 hxg4 22. hxg4
c5 23. dxc6 Nxc6 24. Bc4 Be6 25. Bxe6 Qxe6 26. Rd1 Rad8 27. Qd5 Qh6 28. Rb3 Re5
29. Qd2 d5 30. Qc2 dxe4 31. Rxd8+ Nxd8 32. Nd4 e3 33. Nf5 Qe6 34. Rb1 Nc6 35.
Re1 Qc4 36. Re2 Bf8 37. Nf1 Rd5 38. N1xe3 fxe3 39. Nxe3 Qd3 40. Nxd5 Qxd5 41.
Qd2 Qxd2 42. Rxd2 Ne5 43. Kf2 Be7 44. Rd5 f6 45. Kg3 Kf7 46. f4 Ke6 47. Rd1
gxf4+ 48. Kxf4 Ng6+ 49. Ke4 Bd6 50. Re1 Be5 51. Re3 Ne7 52. c4 Nc8 53. Rb3 Bc7
54. Re3 Ne7 55. Kd4+ Kd6 56. Rf3 Nc6+ 57. Kc3 Ke5 58. Rf5+ Ke6 59. Rf1 Bd6 60.
Re1+ Kd7 61. c5 Be5+ 62. Kc4 Ke6 63. Re4 Kd7 64. Re1 Bc7 65. Re4 Ne5+ 66. Kd5
Ng6 67. Kc4 Ne5+ 68. Kd5 Nd3 69. Rd4 Nf2 70. Rc4 Nd3 71. Rd4 Nf4+ 72. Ke4+ Ke6
73. Rc4 Ng6 74. Rd4 Ne5 75. Ke3 Ke7 76. Re4 Kd7 77. Kf4 Nc6+ 78. Ke3 Bg3 79.
Kd3 Ne5+ 80. Kd4 Kc6 81. Kc3 Kb5 82. Kb3 Nc6 83. Re3 Be5 84. Re4 {time} 0-1

[Event "WA Open"]
[Site "?"]
[Date "2007.05.26"]
[Round "2"]
[White "Wu, Darren"]
[Black "Skulsky, Ian"]
[Result "0-1"]
[WhiteElo "1811"]
[BlackElo "2167"]
[PlyCount "70"]
[EventDate "2007.05.??"]
[SourceDate "2007.05.26"]

1. e4 e6 2. d4 a6 3. Nc3 b5 4. a3 Bb7 5. Nf3 c5 6. Bd3 Nf6 7. e5 Nd5 8. Nxd5
Bxd5 9. Be3 cxd4 10. Bxd4 Nc6 11. Bc3 Be7 12. O-O f5 13. Ne1 O-O 14. Be2 Qc7
15. Nd3 Bc4 16. f4 Rfd8 17. Nf2 Bd5 18. Bd3 g6 19. Qe2 Qb6 20. h3 Nd4 21. Qd2
a5 22. Kh2 b4 23. Bxd4 Qxd4 24. c3 bxc3 25. bxc3 Qa4 26. g4 Qc6 27. Rg1 Kh8 28.
gxf5 gxf5 29. Qc2 Rg8 30. a4 Bc5 31. Bb5 Qb6 32. Raf1 Rxg1 33. Kxg1 Rg8+ 34.
Kh2 Rg2+ 35. Kh1 Rxf2+ {time} 0-1

[Event "WA Open Premier Section"]
[Site "?"]
[Date "2007.05.26"]
[Round "2"]
[White "Ackerman, Ryan"]
[Black "Walton, John"]
[Result "0-1"]
[WhiteElo "1473"]
[BlackElo "1699"]
[PlyCount "56"]
[EventDate "2007.05.??"]
[SourceDate "2007.05.26"]

1. d4 Nf6 2. c4 e5 3. d5 Bc5 4. Nc3 O-O 5. Bg5 Bxf2+ 6. Kxf2 Ng4+ 7. Ke1 Qxg5
8. Nf3 Qe3 9. Qd2 Qf2+ 10. Kd1 Ne3+ 11. Kc1 Nxf1 12. Ne4 Nxd2 13. Nxf2 Nxf3 14.
gxf3 d6 15. e4 Nd7 16. Kd2 Nf6 17. Rag1 Kh8 18. h4 Nh5 19. Rg2 Bd7 20. Rhg1 g6
21. Nh1 f5 22. Ng3 Nxg3 23. Rxg3 fxe4 24. fxe4 Rf2+ 25. Kc3 Raf8 26. b4 R8f3+
27. Rxf3 Rxf3+ 28. Kd2 Rh3 0-1

[Event "WA Open Premier Section"]
[Site "?"]
[Date "2007.05.27"]
[Round "4"]
[White "Allen, Robert"]
[Black "Ho, Daniel"]
[Result "1/2-1/2"]
[WhiteElo "1749"]
[BlackElo "1686"]
[PlyCount "119"]
[EventDate "2007.05.??"]
[SourceDate "2007.05.26"]

1. d4 d5 2. c4 e6 3. Nc3 c5 4. Nf3 Nc6 5. cxd5 exd5 6. Bf4 Bg4 7. Ne5 Nf6 8.
Nxg4 Nxg4 9. e3 Nf6 10. Nb5 Rc8 11. Qa4 a6 12. Na7 b5 13. Qxa6 Nxa7 14. Qxa7 c4
15. a3 Bd6 16. Bxd6 Qxd6 17. Qa5 O-O 18. Be2 Ne4 19. O-O Rb8 20. f3 Nf6 21. Qc3
Rfe8 22. Rfe1 Qe6 23. Bf1 Qf5 24. b3 Re6 25. bxc4 bxc4 26. e4 dxe4 27. Bxc4
Reb6 28. fxe4 Qc8 29. Qd3 Rb2 30. Rab1 h6 31. Rxb2 Rxb2 32. Qc3 Rb8 33. a4 Qg4
34. Qf3 Qd7 35. Rd1 Qxa4 36. Qd3 Nxe4 37. Bd5 Nf6 38. Bf3 Rb3 39. Qf5 Rb5 40.
Qc8+ Kh7 41. Qc6 Qb3 42. Be4+ Nxe4 43. Qxe4+ f5 44. Qe2 Ra5 45. Rd2 Ra4 46. g3
Ra1+ 47. Kf2 Rh1 48. Kg2 Qd5+ 49. Kh3 Rb1 50. Qg2 Qe6 51. d5 Qe3 52. Qf2 Qxf2
53. Rxf2 Kg6 54. Rd2 Rb8 55. d6 Kh5 56. Rd5 g5 57. Rxf5 Rd8 58. Rf6 g4+ 59. Kg2
Kg5 60. Rf4 1/2-1/2

[Event "WA Open Premier Section"]
[Site "?"]
[Date "2007.05.27"]
[Round "3"]
[White "Bailey, Taylor"]
[Black "Fan, George"]
[Result "0-1"]
[WhiteElo "1643"]
[BlackElo "1685"]
[PlyCount "74"]
[EventDate "2007.05.??"]
[SourceDate "2007.05.26"]

1. d4 Nf6 2. c4 e6 3. Nf3 b6 4. g3 Bb7 5. Bg2 Bb4+ 6. Bd2 Qe7 7. a3 Bxd2+ 8.
Nbxd2 O-O 9. O-O c5 10. dxc5 bxc5 11. Qb3 d6 12. Rfe1 Nc6 13. e4 e5 14. Rad1
Rab8 15. Qd3 a5 16. Nb1 Nd4 17. Nc3 Rfc8 18. Nxd4 cxd4 19. Nb5 Nd7 20. Na7 Rc7
21. Nb5 Rc6 22. a4 Nc5 23. Qa3 Na6 24. Nxd4 exd4 25. e5 Nb4 26. Bxc6 Bxc6 27.
exd6 Qxd6 28. Re2 Qf6 29. Rde1 d3 30. Re3 d2 31. Rd1 Nc2 32. Qd3 Nxe3 33. Qxe3
Qxb2 34. h4 Re8 35. Qxd2 Qxd2 36. Rxd2 Re1+ 37. Kh2 Rh1# 0-1

[Event "WA Open Premier Section"]
[Site "?"]
[Date "2007.05.27"]
[Round "3"]
[White "Baker, Sebastian"]
[Black "Xing, Kerry"]
[Result "1/2-1/2"]
[WhiteElo "1759"]
[BlackElo "1762"]
[PlyCount "78"]
[EventDate "2007.05.??"]
[SourceDate "2007.05.26"]

1. d4 f5 2. Bf4 Nf6 3. e3 g6 4. c3 Bg7 5. Nf3 O-O 6. Nbd2 d6 7. Be2 Qe8 8. Qb3+
Kh8 9. O-O Nc6 10. Bb5 a6 11. Bxc6 Qxc6 12. c4 Qe8 13. Rac1 Nh5 14. d5 e5 15.
dxe6 Qxe6 16. Rfe1 b6 17. Bg3 Bb7 18. Nd4 Qf7 19. N2f3 Rae8 20. Ne2 Nf6 21. Ng5
Qd7 22. Red1 Qe7 23. Nd4 Qd7 24. c5 Bd5 25. c6 Qc8 26. Qa3 Ne4 27. Ndf3 Bg8 28.
Nxe4 Rxe4 29. Nd2 Re7 30. Nc4 Bxc4 31. Rxc4 Rfe8 32. Ra4 a5 33. b4 axb4 34.
Rxb4 Re4 35. Rdb1 Rxb4 36. Rxb4 Qa8 37. Qa4 h6 38. h3 Kh7 39. Rc4 Kh8 1/2-1/2

[Event "WA Open Premier Section"]
[Site "?"]
[Date "2007.05.28"]
[Round "6"]
[White "Briggs, Mark"]
[Black "Baker, Sebastian"]
[Result "1-0"]
[WhiteElo "1691"]
[BlackElo "1759"]
[PlyCount "29"]
[EventDate "2007.05.??"]
[SourceDate "2007.05.26"]

1. d4 d5 2. c4 c6 3. Nf3 Nf6 4. Nc3 a6 5. cxd5 cxd5 6. Bg5 Ne4 7. Bh4 Nxc3 8.
bxc3 Nc6 9. e3 Qa5 10. Qb3 Bf5 11. Be2 e6 12. O-O b5 13. a4 b4 14. Rfc1 bxc3
15. Qb7 1-0

[Event "WA Open Premier Section"]
[Site "?"]
[Date "2007.05.27"]
[Round "4"]
[White "Briggs, Mark"]
[Black "Colorado, Ramon"]
[Result "0-1"]
[WhiteElo "1691"]
[BlackElo "1917"]
[PlyCount "50"]
[EventDate "2007.05.??"]
[SourceDate "2007.05.26"]

1. d4 Nf6 2. Nf3 g6 3. c4 Bg7 4. Nc3 O-O 5. e4 d6 6. Be2 e5 7. d5 Nbd7 8. O-O
Nc5 9. Qc2 a5 10. a3 a4 11. Be3 Nb3 12. Rae1 Bd7 13. Nd2 Nd4 14. Qd1 Nxe2+ 15.
Qxe2 Ng4 16. c5 f5 17. cxd6 cxd6 18. Nc4 f4 19. Bc1 Qh4 20. h3 f3 21. Qd3 fxg2
22. Kxg2 Rxf2+ 23. Kg1 Raf8 24. Nd1 R8f3 25. Nxf2 Qg3+ 0-1

[Event "WA Open Premier Section"]
[Site "?"]
[Date "2007.05.28"]
[Round "5"]
[White "Briggs, Mark"]
[Black "Wilkinson, F. Scott"]
[Result "1-0"]
[WhiteElo "1691"]
[BlackElo "1791"]
[PlyCount "77"]
[EventDate "2007.05.??"]
[SourceDate "2007.05.26"]

1. d4 Nf6 2. Nf3 d5 3. c4 dxc4 4. e3 a6 5. a4 e6 6. Bxc4 c5 7. O-O Be7 8. Qe2
O-O 9. dxc5 Bxc5 10. Nc3 Nc6 11. e4 e5 12. h3 h6 13. Rd1 Qe7 14. Nd5 Nxd5 15.
exd5 Na5 16. Ba2 Re8 17. Bd2 b6 18. Bc3 Bd6 19. Qe4 Bd7 20. Nh4 Qg5 21. Bb1 g6
22. Nf3 Qe7 23. Qe3 Qf8 24. Qxb6 Nc4 25. Qb3 Rec8 26. Bd3 Rab8 27. Qa2 Nb6 28.
Nxe5 Bxa4 29. Re1 Be8 30. Ng4 Nd7 31. Qxa6 f5 32. Nxh6+ Kh7 33. Nxf5 gxf5 34.
Bxf5+ Qxf5 35. Qxd6 Rb6 36. Re7+ Kg8 37. Rg7+ Kh8 38. Rxd7+ Rxc3 39. Qxb6 1-0

[Event "WA Open Premier Section"]
[Site "?"]
[Date "2007.05.26"]
[Round "1"]
[White "Buck, Stephen"]
[Black "Ackerman, Ryan"]
[Result "1-0"]
[WhiteElo "1718"]
[BlackElo "1473"]
[PlyCount "66"]
[EventDate "2007.05.??"]
[SourceDate "2007.05.26"]

1. c4 Nf6 2. Nc3 e6 3. Nf3 b6 4. g3 Bb7 5. Bg2 Be7 6. O-O O-O 7. d4 d6 8. Qc2
Nbd7 9. e4 e5 10. d5 a5 11. h3 Nh5 12. Be3 g6 13. Bh6 Ng7 14. Qd2 Nc5 15. Ne1
Ba6 16. b3 a4 17. b4 Bxc4 18. bxc5 Bxf1 19. cxd6 Bxg2 20. dxe7 Qxe7 21. Kxg2
Qd7 22. Nd3 f6 23. f4 exf4 24. Nxf4 Rfe8 25. Qd4 Kf7 26. Rf1 c5 27. Qf2 Qe7 28.
Bxg7 Kxg7 29. Ne6+ Kf7 30. Qf4 Rec8 31. e5 Ra5 32. Ne4 Rd8 33. Nxf6 Rxd5 1-0

[Event "WA Open Premier Section"]
[Site "?"]
[Date "2007.05.27"]
[Round "3"]
[White "Buck, Stephen"]
[Black "Caluza, Severo"]
[Result "1-0"]
[WhiteElo "1718"]
[BlackElo "1800"]
[PlyCount "93"]
[EventDate "2007.05.??"]
[SourceDate "2007.05.26"]

1. c4 e6 2. Nf3 Nf6 3. Nc3 Bb4 4. d3 O-O 5. e3 d5 6. cxd5 exd5 7. Be2 Nc6 8. a3
Bd6 9. O-O Bg4 10. h3 Bf5 11. Nb5 Be7 12. b4 a5 13. bxa5 Rxa5 14. Nbd4 Nxd4 15.
Nxd4 Bd7 16. Bd2 Ra7 17. Qb3 Ba4 18. Qb2 Qd7 19. Rfb1 Rfa8 20. Bf3 Bd6 21. Bc3
c5 22. Ne2 Be7 23. d4 c4 24. Bb4 Bb3 25. Nc3 Bxb4 26. axb4 Ne4 27. Nxe4 dxe4
28. Bxe4 Ra2 29. Rxa2 Rxa2 30. Qc3 f5 31. Bf3 Rc2 32. Qa1 Ra2 33. Qc3 Rc2 34.
Qe1 Qb5 35. Bd1 Ra2 36. Bxb3 cxb3 37. Rxb3 Qa4 38. Rb1 Qc2 39. Qf1 Qe2 40. Qxe2
Rxe2 41. Rc1 Kf7 42. g3 Ke6 43. Rc7 g5 44. Rxb7 h5 45. Rh7 f4 46. gxf4 gxf4 47.
Rxh5 1-0

[Event "WA Open Premier Section"]
[Site "?"]
[Date "2007.05.28"]
[Round "5"]
[White "Buck, Stephen"]
[Black "Omori, Michael"]
[Result "1/2-1/2"]
[WhiteElo "1718"]
[BlackElo "1687"]
[PlyCount "101"]
[EventDate "2007.05.??"]
[SourceDate "2007.05.26"]

1. c4 Nf6 2. Nc3 g6 3. g3 Bg7 4. Bg2 O-O 5. Nf3 d6 6. d4 Nc6 7. e4 Na5 8. Qd3
c5 9. O-O Rb8 10. h3 a6 11. Be3 Qc7 12. d5 b5 13. cxb5 axb5 14. Rfe1 c4 15. Qc2
b4 16. Ne2 Ba6 17. Nfd4 Rfc8 18. Rac1 Nd7 19. b3 c3 20. f4 Nc5 21. Red1 Ra8 22.
Nc6 Bd3 23. Rxd3 Nxd3 24. Qxd3 Nxc6 25. dxc6 Rxa2 26. e5 d5 27. Nxc3 bxc3 28.
Qxc3 e6 29. b4 Rb8 30. Qb3 Ra6 31. b5 Rxc6 32. Rxc6 Qxc6 33. bxc6 Rxb3 34. c7
Rc3 35. Bb6 Kf8 36. Bf1 Ke7 37. Bb5 f6 38. Ba5 Rc1+ 39. Kg2 fxe5 40. Bb4+ Kf7
41. Bd6 exf4 42. Bd7 fxg3 43. c8=Q Rxc8 44. Bxc8 e5 45. Kxg3 h6 46. Kf3 Kf6 47.
Ke3 h5 48. Bc7 Bh6+ 49. Kd3 Bf4 50. Bd8+ Kf7 51. Bd7 1/2-1/2

[Event "WA Open Premier Section"]
[Site "?"]
[Date "2007.05.28"]
[Round "6"]
[White "Caluza, Severo"]
[Black "Fan, George"]
[Result "0-1"]
[WhiteElo "1800"]
[BlackElo "1685"]
[PlyCount "82"]
[EventDate "2007.05.??"]
[SourceDate "2007.05.26"]

1. c4 Nf6 2. Nc3 g6 3. e4 d6 4. d4 Bg7 5. Be2 O-O 6. Nf3 e5 7. dxe5 dxe5 8.
Qxd8 Rxd8 9. Bg5 Re8 10. Rd1 Bg4 11. Bxf6 Bxf6 12. Nd5 Bd8 13. Ne3 Bxf3 14.
Bxf3 Nc6 15. O-O Nd4 16. Bg4 c6 17. c5 b5 18. f4 f6 19. a4 a6 20. Rd3 Ba5 21.
fxe5 fxe5 22. Bd7 Re7 23. Ng4 Bc7 24. axb5 axb5 25. Nf6+ Kg7 26. Rxd4 exd4 27.
Bxc6 Rf8 28. Ng4 Rxf1+ 29. Kxf1 h5 30. Nf2 Bxh2 31. Bxb5 Rb7 32. Ba6 Rxb2 33.
Nd3 Rc2 34. e5 Kf8 35. Bb7 Ke7 36. Be4 g5 37. c6 g4 38. Ke1 h4 39. Kd1 Rc3 40.
Kd2 Ke6 41. Nf2 Kxe5 0-1

[Event "WA Open Premier Section"]
[Site "?"]
[Date "2007.05.26"]
[Round "1"]
[White "Cheng, Jack"]
[Black "Gale, Geoff"]
[Result "0-1"]
[WhiteElo "1712"]
[BlackElo "1969"]
[PlyCount "122"]
[EventDate "2007.05.??"]
[SourceDate "2007.05.26"]

1. e4 c5 2. Nf3 Nc6 3. d4 cxd4 4. Nxd4 Nf6 5. Nc3 e6 6. Ndb5 Bb4 7. Nd6+ Ke7 8.
Nxc8+ Rxc8 9. Bd3 d5 10. exd5 Qxd5 11. O-O Bxc3 12. bxc3 Rhd8 13. Ba3+ Ke8 14.
Qe2 Qa5 15. Bb2 Qh5 16. Qxh5 Nxh5 17. f4 Na5 18. Bb5+ Kf8 19. Ba3+ Kg8 20. Bb4
Nc4 21. Bxc4 Rxc4 22. Rad1 Rcc8 23. g3 Nf6 24. Rxd8+ Rxd8 25. Rf2 g6 26. Kg2
Nd5 27. Rf3 Rc8 28. a3 b6 29. Kf2 a5 30. Bd6 Nxc3 31. Rd3 Nd5 32. Rd2 f6 33. a4
Nc3 34. Rd4 Rd8 35. Bc5 Rxd4 36. Bxd4 Nxa4 37. Bxf6 Kf7 38. Bd4 Ke7 39. Ke3 Kd6
40. Ba1 Kd5 41. Kd2 b5 42. Be5 b4 43. Bc7 Nb2 44. Kc1 Nc4 45. Bd8 h5 46. Bf6
Kc5 47. Bg7 a4 48. Bh8 a3 49. Kb1 Nd2+ 50. Ka2 Kc4 51. Bg7 Nf1 52. h4 Nxg3 53.
Be5 Nf5 54. Bf6 Ne3 55. Kb1 Nd5 56. Be5 Nc3+ 57. Ka1 b3 58. cxb3+ Kxb3 59. Bf6
Nd5 60. Be5 a2 61. Bd4 Nb4 0-1

[Event "WA Open Premier Section"]
[Site "?"]
[Date "2007.05.26"]
[Round "2"]
[White "Corey, Michael"]
[Black "Weyland, Phillip"]
[Result "1/2-1/2"]
[WhiteElo "1722"]
[BlackElo "1853"]
[PlyCount "90"]
[EventDate "2007.05.??"]
[SourceDate "2007.05.26"]

1. e4 e6 2. d4 d5 3. Nd2 Nf6 4. e5 Nfd7 5. Ngf3 c5 6. c3 Nc6 7. Bb5 Qb6 8. Bxc6
bxc6 9. O-O cxd4 10. cxd4 Ba6 11. Re1 Bd3 12. Nb3 Qa6 13. Re3 Be4 14. Ng5 Bg6
15. Qg4 c5 16. Rc3 c4 17. Nd2 Rb8 18. Ndf3 Qa4 19. Nh4 Be7 20. Nxg6 hxg6 21.
Qe2 Rh4 22. Nf3 Re4 23. Re3 Rxe3 24. Bxe3 Qb5 25. Rb1 a5 26. Bd2 a4 27. Bc3 a3
28. Nd2 Qa4 29. b3 cxb3 30. Rxb3 Rxb3 31. Nxb3 Nb6 32. g3 Qc4 33. Qxc4 dxc4 34.
Nd2 Na4 35. Ba5 c3 36. Nb3 c2 37. Kf1 Nb2 38. Ke2 Nd1 39. f4 g5 40. Kd2 Kd7 41.
Kxc2 Ne3+ 42. Kd3 Nf1 43. Nc5+ Kc6 44. Kc4 Nxh2 45. Kb3 Nf1 1/2-1/2

[Event "WA Open Premier Section"]
[Site "?"]
[Date "2007.05.27"]
[Round "3"]
[White "Elisara, Travis"]
[Black "Marcjan, Karen"]
[Result "0-1"]
[WhiteElo "1510"]
[BlackElo "1541"]
[PlyCount "34"]
[EventDate "2007.05.??"]
[SourceDate "2007.05.26"]

1. c4 e5 2. g3 Nf6 3. Bg2 d5 4. cxd5 Nxd5 5. Qb3 c6 6. d3 Qb6 7. Bxd5 Bb4+ 8.
Nc3 cxd5 9. Qxd5 Nc6 10. Bd2 Be6 11. Qb5 Bxc3 12. Qxb6 Bxd2+ 13. Kxd2 axb6 14.
a3 O-O 15. Nf3 Bg4 16. Ng5 Nd4 17. Ke1 Nc2+ 0-1

[Event "WA Open Premier Section"]
[Site "?"]
[Date "2007.05.26"]
[Round "2"]
[White "Fan, George"]
[Black "Colorado, Ramon"]
[Result "1/2-1/2"]
[WhiteElo "1685"]
[BlackElo "1917"]
[PlyCount "110"]
[EventDate "2007.05.??"]
[SourceDate "2007.05.26"]

1. e4 e6 2. d4 d5 3. Nc3 Bb4 4. e5 Ne7 5. Bd2 c5 6. Nb5 Bxd2+ 7. Qxd2 O-O 8. c3
Nbc6 9. Nf3 Ng6 10. Bd3 cxd4 11. cxd4 Qb6 12. a4 a5 13. Bxg6 fxg6 14. O-O Bd7
15. Rfc1 Na7 16. Nd6 Nc8 17. b3 Nxd6 18. exd6 Qxd6 19. Ne5 Ra6 20. Rc5 b6 21.
Rc3 Raa8 22. Rac1 Rac8 23. Qc2 Rxc3 24. Qxc3 h6 25. Nxg6 Rc8 26. Qd2 Rxc1+ 27.
Qxc1 Qc6 28. Qxc6 Bxc6 29. Ne5 Be8 30. g4 g5 31. Kg2 Kg7 32. Kg3 b5 33. axb5
Bxb5 34. f4 Kf6 35. h4 gxf4+ 36. Kxf4 a4 37. bxa4 Bxa4 38. g5+ Kg7 39. Ng4
hxg5+ 40. Kxg5 Bc2 41. h5 Bd1 42. h6+ Kh8 43. Nf6 Bc2 44. Kf4 Bd3 45. Ke5 Bf5
46. Nxd5 Kh7 47. Nf4 Kxh6 48. Nxe6 Bd3 49. d5 Bb5 50. Kf6 Ba4 51. d6 Bb5 52.
Nd4 Ba4 53. Ke7 Kg6 54. Kd8 Kf6 55. Kc7 Be8 1/2-1/2

[Event "WA Open Premier Section"]
[Site "?"]
[Date "2007.05.??"]
[Round "5"]
[White "Fan, George"]
[Black "Yang, Matthew"]
[Result "1-0"]
[WhiteElo "1685"]
[BlackElo "1757"]
[PlyCount "73"]
[EventDate "2007.05.??"]
[SourceDate "2007.05.26"]

1. e4 c6 2. d4 d5 3. exd5 cxd5 4. Bd3 Nf6 5. Bf4 Nc6 6. c3 Bg4 7. Qb3 Qd7 8.
Nd2 e6 9. Ngf3 Be7 10. Ne5 Qc8 11. Nxg4 Nxg4 12. h3 Nf6 13. O-O O-O 14. Nf3 a6
15. Qc2 h6 16. Rae1 Rd8 17. Ne5 Nxe5 18. dxe5 Nd7 19. Bd2 Nc5 20. Bh7+ Kh8 21.
f4 d4 22. cxd4 Rxd4 23. Bc3 Rd8 24. Ba5 Rd5 25. Rc1 Qd7 26. f5 Bg5 27. fxe6
Nxe6 28. Rcd1 Nd4 29. Qe4 g6 30. Bxg6 fxg6 31. Bc3 Rd8 32. e6 Qd6 33. Kh1 Rf8
34. Bxd4+ Rxd4 35. Qxd4+ Qxd4 36. Rxf8+ Kg7 37. Rf7+ 1-0

[Event "WA Open Premier Section"]
[Site "?"]
[Date "2007.05.26"]
[Round "2"]
[White "Gale, Geoff"]
[Black "Corey, Michael"]
[Result "1-0"]
[WhiteElo "1969"]
[BlackElo "1722"]
[PlyCount "103"]
[EventDate "2007.05.??"]
[SourceDate "2007.05.26"]

1. e4 c5 2. Nc3 e6 3. g3 d5 4. exd5 exd5 5. Bg2 Nf6 6. d3 h6 7. Nge2 d4 8. Ne4
Nc6 9. O-O Be7 10. Nf4 Nxe4 11. Bxe4 O-O 12. Qh5 Bd6 13. Nh3 Re8 14. Ng5 Qf6
15. Nxf7 Rxe4 16. Nxh6+ gxh6 17. dxe4 Ne5 18. f4 Qg6 19. Qxg6+ Nxg6 20. f5 Ne5
21. Bxh6 c4 22. Bf4 d3 23. cxd3 Bc5+ 24. Kg2 Nxd3 25. b3 b5 26. bxc4 Bb7 27.
Kf3 Re8 28. cxb5 Bxe4+ 29. Kg4 Kf7 30. Bg5 Nf2+ 31. Rxf2 Bxf2 32. Rd1 Re5 33.
Rd7+ Ke8 34. Rd8+ Kf7 35. Rd7+ Ke8 36. Rd8+ Kf7 37. f6 Bf5+ 38. Kf3 Bb6 39. Rd6
Bc7 40. Rd2 Rc5 41. h4 Rc3+ 42. Be3 Bb6 43. Re2 Rxe3+ 44. Rxe3 Bxe3 45. Kxe3
Be6 46. a4 Kxf6 47. Kd4 Ke7 48. Ke5 Kd7 49. h5 Ke7 50. h6 Bg8 51. a5 Kf8 52. b6
1-0

[Event "WA Open Premier Section"]
[Site "?"]
[Date "2007.05.26"]
[Round "2"]
[White "Hayami, Marvin"]
[Black "Buck, Stephen"]
[Result "1-0"]
[WhiteElo "1827"]
[BlackElo "1718"]
[PlyCount "101"]
[EventDate "2007.05.??"]
[SourceDate "2007.05.26"]

1. e4 c5 2. Nf3 d6 3. d4 cxd4 4. Nxd4 Nf6 5. Nc3 a6 6. f4 e6 7. a4 Nc6 8. Nxc6
bxc6 9. Bd3 Be7 10. O-O O-O 11. Kh1 Qc7 12. Qe2 Nd7 13. Be3 Rb8 14. b3 Bf6 15.
Bd2 Nc5 16. Rae1 Nxd3 17. Qxd3 Bb7 18. Qg3 Qe7 19. Re3 Bd4 20. Rd3 c5 21. f5 f6
22. Re1 Be5 23. Qh4 exf5 24. exf5 Qd7 25. Qh5 Qf7 26. Qg4 d5 27. Rh3 Kh8 28.
Ne2 d4 29. Nf4 Bxf4 30. Bxf4 Rbe8 31. Rg1 Re4 32. Qh4 g5 33. fxg6 Qxg6 34. Rg3
Qf5 35. Qh6 Rf7 36. Bd6 Re8 37. Qd2 Qd5 38. Bf4 Rfe7 39. Bh6 Qf5 40. a5 Be4 41.
b4 cxb4 42. Qxd4 Bxc2 43. Rf3 Qe5 44. Qh4 f5 45. Re3 Be4 46. Bf4 Qb2 47. Rg3
Rg7 48. Bg5 Rf7 49. Bc1 Qa2 50. Qh6 b3 51. Qb6 1-0

[Event "WA Open Premier Section"]
[Site "?"]
[Date "2007.05.28"]
[Round "5"]
[White "Hayami, Marvin"]
[Black "Lowther, Jeff"]
[Result "1-0"]
[WhiteElo "1827"]
[BlackElo "1866"]
[PlyCount "75"]
[EventDate "2007.05.??"]
[SourceDate "2007.05.26"]

1. e4 e5 2. Nf3 Nc6 3. d4 exd4 4. Nxd4 Bc5 5. Be3 Qf6 6. c3 Nge7 7. Be2 a6 8.
Nc2 Bxe3 9. Nxe3 O-O 10. O-O d6 11. Nd2 b6 12. Qc2 Bb7 13. Rae1 Rfe8 14. f4 Ng6
15. Nd5 Qd8 16. g3 Nce7 17. f5 Ne5 18. Nf4 N7c6 19. Nd5 a5 20. f6 g6 21. Qc1
Ba6 22. Nc4 Kh8 23. Qh6 Rg8 24. Nxe5 dxe5 25. Bxa6 Rxa6 26. Rd1 Qf8 27. Qxf8
Rxf8 28. Nxc7 Ra7 29. Nb5 Raa8 30. Rd6 Rac8 31. Rfd1 Rfd8 32. Kf2 Rxd6 33. Nxd6
Rb8 34. Nxf7+ Kg8 35. Rd7 h5 36. Ng5 Nd8 37. f7+ Kg7 38. Rxd8 1-0

[Event "WA Open Premier Section"]
[Site "?"]
[Date "2007.05.26"]
[Round "1"]
[White "Hendricks, David"]
[Black "Manber, Devon"]
[Result "0-1"]
[WhiteElo "1705"]
[BlackElo "1826"]
[PlyCount "58"]
[EventDate "2007.05.??"]
[SourceDate "2007.05.26"]

1. d4 Nf6 2. c4 g6 3. Nc3 Bg7 4. e4 d6 5. Be2 O-O 6. f4 c5 7. d5 e6 8. Nf3 Re8
9. O-O exd5 10. exd5 Na6 11. Bd2 Ng4 12. Qc2 Bf5 13. Qd1 Nb4 14. h3 Ne3 15.
Bxe3 Rxe3 16. Qd2 Qe7 17. Rae1 Nc2 18. g4 Nxe1 19. Rxe1 Re8 20. Kf2 Bd3 21. Bd1
Rxf3+ 22. Kxf3 Qxe1 23. Qxd3 Qh1+ 24. Kg3 Qg1+ 25. Kf3 Bd4 26. Ne4 Qh1+ 27. Kg3
Rxe4 28. Bf3 Qe1+ 29. Kh2 Qg1# 0-1

[Event "WA Open Premier Section"]
[Site "?"]
[Date "2007.05.26"]
[Round "1"]
[White "Ho, Alec"]
[Black "Fan, George"]
[Result "1-0"]
[WhiteElo "1800"]
[BlackElo "1685"]
[PlyCount "99"]
[EventDate "2007.05.??"]
[SourceDate "2007.05.26"]

1. e4 c5 2. Nf3 d6 3. d4 cxd4 4. Nxd4 Nf6 5. Nc3 g6 6. Bg5 Bg7 7. Qd2 O-O 8.
O-O-O Nc6 9. Bh6 Nxd4 10. Bxg7 Nb3+ 11. axb3 Kxg7 12. f3 Qa5 13. g4 Be6 14. Kb1
Rfc8 15. h4 h5 16. gxh5 Nxh5 17. f4 Bg4 18. Re1 e6 19. Rg1 f5 20. Be2 Bxe2 21.
Rxe2 Kh6 22. Reg2 Rg8 23. Qxd6 Rae8 24. Rg5 Qd8 25. Qe5 Qd2 26. exf5 exf5 27.
Rxg6+ Rxg6 28. Rxg6+ Kxg6 29. Qxe8+ Kh6 30. Qe6+ Kg7 31. Qe7+ Kg8 32. Qe8+ Kg7
33. Qxh5 Qxf4 34. Ne2 Qf2 35. Ka2 a5 36. Qg5+ Kf7 37. Nf4 Qxc2 38. Qg6+ Ke7 39.
Qe6+ Kd8 40. Qd6+ Ke8 41. Nd5 Qe2 42. Qg6+ Kd7 43. Qxf5+ Kd6 44. Nc3 Qh2 45. h5
b6 46. Qd5+ Kc7 47. Nb5+ Kc8 48. Qc6+ Kd8 49. Qxb6+ Ke7 50. Qd6+ 1-0

[Event "WA Open Premier Section"]
[Site "?"]
[Date "2007.05.27"]
[Round "4"]
[White "Ho, Alec"]
[Black "Yang, Matthew"]
[Result "1-0"]
[WhiteElo "1800"]
[BlackElo "1757"]
[PlyCount "65"]
[EventDate "2007.05.??"]
[SourceDate "2007.05.26"]

1. e4 c6 2. d4 d5 3. e5 Bf5 4. Nf3 e6 5. Nbd2 Nd7 6. Nb3 c5 7. c4 Be7 8. Be2
Rc8 9. O-O h5 10. Be3 dxc4 11. Bxc4 cxd4 12. Qxd4 a6 13. Rac1 g5 14. Nfd2 Nh6
15. f3 Bg6 16. g4 h4 17. h3 Ng8 18. Ne4 Bxe4 19. Qxe4 b5 20. Bxe6 Rh6 21. Bf5
Rxc1 22. Rxc1 Qb8 23. Bxd7+ Kxd7 24. Qf5+ Re6 25. Nc5+ Bxc5 26. Rxc5 Ne7 27.
Qxg5 f6 28. Qxh4 fxe5 29. Qf2 Rd6 30. Qc2 Nd5 31. Qf5+ Ke7 32. Qxe5+ Kf7 33.
Rxd5 1-0

[Event "WA Open Premier Section"]
[Site "?"]
[Date "2007.05.27"]
[Round "3"]
[White "Ho, Daniel"]
[Black "Lowther, Jeff"]
[Result "0-1"]
[WhiteElo "1686"]
[BlackElo "1866"]
[PlyCount "90"]
[EventDate "2007.05.??"]
[SourceDate "2007.05.26"]

1. e4 e5 2. Nf3 Nc6 3. Bc4 Bc5 4. c3 Nf6 5. d4 exd4 6. cxd4 Bb4+ 7. Nc3 Nxe4 8.
O-O Bxc3 9. d5 Bf6 10. Re1 Ne7 11. Rxe4 d6 12. Bg5 Bxg5 13. Nxg5 O-O 14. Nxh7
Kxh7 15. Qh5+ Kg8 16. Rh4 f5 17. Re1 Bd7 18. Re3 Rf6 19. Rg3 Qf8 20. Be2 Nxd5
21. Qh7+ Kf7 22. Bh5+ Ke6 23. Rxg7 Nb6 24. Rh3 d5 25. Bf7+ Kd6 26. Rg6 Rxg6 27.
Qxg6+ Kc5 28. Qf6 Qd6 29. Qc3+ Kb5 30. Qd2 c5 31. b3 Qe5 32. a4+ Kc6 33. Rc3 d4
34. Rc1 Nd5 35. Bxd5+ Qxd5 36. b4 c4 37. b5+ Kb6 38. Qb4 c3 39. Rd1 Re8 40. h3
c2 41. Rc1 d3 42. a5+ Kc7 43. Qc3+ Kb8 44. b6 Bc6 45. Qd2 Qxg2# 0-1

[Event "WA Open Premier Section"]
[Site "?"]
[Date "2007.05.28"]
[Round "5"]
[White "Lee, Megan"]
[Black "Allen, Robert"]
[Result "1/2-1/2"]
[WhiteElo "1551"]
[BlackElo "1749"]
[PlyCount "70"]
[EventDate "2007.05.??"]
[SourceDate "2007.05.26"]

1. e4 c5 2. Nf3 d6 3. d4 cxd4 4. Nxd4 Nf6 5. Nc3 g6 6. Be2 Bg7 7. Be3 O-O 8.
O-O Nc6 9. Nb3 Bd7 10. f4 Rc8 11. Bf3 a6 12. a4 b6 13. Rc1 Qc7 14. Kh1 Nb4 15.
Bg1 Rfd8 16. Qd4 Nfd5 17. Nxd5 Bxd4 18. Nxc7 Bxg1 19. Nxa6 Nxa6 20. Kxg1 Bxa4
21. Ra1 Bb5 22. Rf2 Nb4 23. Nd4 Bd7 24. Bd1 Rc4 25. Rd2 Rdc8 26. Ra7 R8c7 27.
Rxc7 Rxc7 28. c3 Na6 29. Kf2 Nc5 30. Ke3 Ra7 31. Nb3 Bc6 32. Nxc5 dxc5 33. Bb3
Kf8 34. g3 Ke8 35. e5 Rc7 1/2-1/2